000 00705nam a22002177a 4500
999 _c3854
_d3854
003 AR-CdUCM
008 190307b ||||| |||| 00| 0 spa d
040 _aMUNICIPALIDAD PROVINCIAL DEL CUSCO
_cBIBLIOTECA MUNICIPAL DEL CUSCO
082 _a869.512 /
_bO47
245 _aOllanta :
_bDrama quechua español en tres actos /
_cVersion de José Sebastián Barranca
260 _aLima :
_bBiblioteca Universitaria,
_c1972.
300 _a48 páginas ;
_c17 cm.
505 _aContenido: Teatro Quechua.
650 _aTeatro Quechua
_912390
650 _aOllantay
_912391
650 _aInca
_9421
650 _aDrama
_9560
700 _aBarranca, José Sebastián
_912392
942 _2ddc
_cLIBROS
945 _adavv